Türkiye'nin Kürt sorunu / (Kayıt no. 10233)

MARC ayrıntıları
000 -BAŞLIK
Sabit Uzunluktaki Kontrol Alanı 01444nam a2200277 4500
003 - KONTROL NUMARASI KİMLİĞİ
Kontrol Alanı KOHA_MİRAKIL
005 - EN SON İŞLEM TARİHİ ve ZAMANI
Kontrol Alanı 20260414111924.0
008 - SABİT UZUNLUKTAKİ VERİ ÖGELERİ - GENEL BİLGİ
Sabit Alan 260414b tu ||||| |||| 00| 0 tur d
040 ## - KATALOGLAMA KAYNAĞI
Özgün Kataloglama Kurumu TR-AnABB
Kataloglama Dili tur
Çeviri Kurumu TR-AnABB
041 ## - DİL KODU
Metin ya da ses kaydının dil kodu tur
082 ## - DEWEY ONU SINIFLAMA SİSTEMİ
Sınıflama Numarası 321.8
Cutter numarası TUR 1996
100 1# - KİŞİ ADI
Yazar Adı (Kişi adı) Gürsel, Seyfettin
245 10 - ESER ADI BİLDİRİMİ
Başlık Türkiye'nin Kürt sorunu /
Sorumluluk Bildirimi Seyfettin Gürsel, Koray Düzgören, Baskın Oran, Füsun Üstel, Cumhur Keskin, Şahin Alpay
260 ## - YAYIN, DAĞITIM, VB.
Yayın Yeri İstanbul :
Yayınevi TÜSES,
Yayın Tarihi 1996
300 ## - FİZİKSEL TANIMLAMA
Sayfa, Cilt vb. 164 sayfa ;
Boyutları 18 cm
500 ## - GENEL NOT
Genel Not Kitap içerisinde Prof. Dr. Ruşen Keleş'in satır altı çizimleri ve vurgulamaları mevcuttur.
505 ## - İÇİNDEKİLER NOTU
İçindekiler Notu İçindekiler: Sorunun tanımı ve gerçekler / Koray Düzgören - Teoride Milliyetçilik / Baskın Oran - Türk Milliyetçiliği ya da Vatandaşlığın kültürel boyutu / Füsun Üstel - Kürt Milliyetçiliği: Doğu ve Gelişmesi / Baskın Oran - Türkiye'nin Kürt Politikası ve Resmi ideoloji /Cumhur Keskin - Kuzey Irak Kürt Yönetimi / Koray Düzgören - Çoğunlukçu Demokrasilerin azınık eşiği: Batı Deneyimleri Füsun Üstel - Kürt sorunu nasıl aşılabilir? / Şahin Alpay
650 04 - KONU BAŞLIĞI EK GİRİŞ - KONU TERİMİ
Konusal terim veya coğrafi ad Demokrasi, Tarih ve Kuram
650 04 - KONU BAŞLIĞI EK GİRİŞ - KONU TERİMİ
Konusal terim veya coğrafi ad Kürt sorunu, Türkiye
700 1# - EK GİRİŞ - KİŞİ ADI
Yazar Adı (Kişi adı) Düzgören, Koray
9 (RLIN) 3426
700 1# - EK GİRİŞ - KİŞİ ADI
Yazar Adı (Kişi adı) Oran, Baskın
9 (RLIN) 3427
700 1# - EK GİRİŞ - KİŞİ ADI
Yazar Adı (Kişi adı) Üstel, Füsun
9 (RLIN) 3428
700 1# - EK GİRİŞ - KİŞİ ADI
Yazar Adı (Kişi adı) Keskin, Cumhur
9 (RLIN) 3429
700 1# - EK GİRİŞ - KİŞİ ADI
Yazar Adı (Kişi adı) Alpay, Şahin
9 (RLIN) 3430
942 ## - EK GİRİŞ ÖGELERİ (KOHA)
Sınıflama Kaynağı Dewey Decimal Classification
Materyal Türü Kitap
900 ## - YEREL BİLGİ
Kontrol Can ÇELIK
Mevcut
Geri Çekilme Durumu Kayıp Durumu Sınıflandırma Kaynağı Kredi için değil Kalıcı Konum Mevcut Konum Kayıt Tarih Toplam Ödünçverme Yer Numarası Demirbaş Numarası Son Görülme Tarihi Fatura Tarihi Materyal Türü
    Dewey Decimal Classification   Prof. Dr. Ruşen Keleş Kütüphanesi Prof. Dr. Ruşen Keleş Kütüphanesi 14/04/2026   321.8 TUR 1996 RK7073 14/04/2026 14/04/2026 Kitap